000 01644nam a2200325 a 4500
003 BLK
005 20250703104232.0
008 180409b bul|||||r ||||||| ||bul||
020 _a9789546263056
040 _aBLK
041 _aBUL
_cBUL
080 _aДруги видове терапия. Биоенерготерапия.
_b615.85
_z615.85
080 _aПроблеми на окултното. Теории и системи на езотеричните дисциплини, които изясняват и интерпретират феномените и проблемите на окултното. Вж и 159.961; 291.3
_b133
_z133
100 1 _aПензак, Кристофър
_9108145
245 1 0 _aМагията на Рейки
_bФокусиране на енергията за лечение, ритуали и духовно развитие
_cКристофър Пензак ; прев. от англ. Светлана Николова
257 _aUSA
260 _aСофия
_bАратрон
_c2009
_fПерник : Съперник
300 _a351 с.
_bс ил., сх.
_c22 см
380 _a61
500 _aОриг. загл.: Magic of Reiki / Christopher Penczak. - За авт.
504 _aБиблиогр.: с. 349-350
650 4 _aБиоенерготерапия
_9148661
700 1 _aНиколова, Светлана Михайлова
_9103313
852 _aЦб 279270
856 4 _qpdf
856 4 _qpdf
942 _cKNG
_n0
_05
944 _c04.02.2016
_k30576
_lЦветомила Тодорова
999 _c120592
_d120592